000 00401nam a2200157Ia 4500
003 GCL
008 140319s9999 xx 000 0 eng d
040 _aGCL /
_cGCL
082 0 4 _a631.41
_bT P
100 1 _aTAN, KIM H.
245 1 0 _aPRINCIPLES OF SOIL CHEMISTRY /
_cTAN, KIM H.
260 _a[S.N] :
_bMARCEL DEKKER, INC ،
_c1992
300 _a362 P
650 0 4 _aSOIL CHEMISTRY
942 _2ddc
_cBK
999 _c18143
_d18143